000 00754nam a2200241 a 4500
001 14122
003 BD-JhCC
005 20241230083323.0
008 241212b2022 b |||| ||a| 000 0 b d
020 _a9789848004134
035 _a(BD-JhCC)14122
040 _aBD-JhCC
_dBD-JhCC
041 _abengali
082 _a158
_bELR 2022
100 _a এলরড, হ্যাল
245 _aদ্য মিরাকল মর্নিং /
_c হ্যাল এলরড,অনু:সাইদুর রহমান ।
260 _aঢাকা:
_bঅনুভুতি;
_c2022.
300 _a176 p. :
_c21 cm.
650 _aSelf-development and meditation.
700 _aসাইদুর, রহমান
942 _2ddc
_cBK
999 _c14122
_d14122